Central Library OPAC University of Rajshahi

تاریخ مسعودی : معروف به تاریخ بیهقی / Tārīkh-i Masʿūdī : maʿrūf bih tārīkh-i Bayhaqī / (Record no. 83165)

MARC details
000 -LEADER
fixed length control field 01490cam a2200313 a 4500
001 - CONTROL NUMBER
control field 83165
003 - CONTROL NUMBER IDENTIFIER
rucl marc code BD-RjUL
005 - DATE AND TIME OF LATEST TRANSACTION
control field 20240227123247.0
008 - FIXED-LENGTH DATA ELEMENTS--GENERAL INFORMATION
fixed length control field 240227q19531954ir a b 000 0 perr
035 ## - SYSTEM CONTROL NUMBER
System control number (BD-RjUL) 83165
040 ## - CATALOGING SOURCE
Original cataloging agency DLC
Transcribing agency DLC
Modifying agency DLC
Language of cataloging eng
041 ## - LANGUAGE CODE
Language code of text/sound track or separate title per
082 ## - DEWEY DECIMAL CLASSIFICATION NUMBER
Edition number 23
Classification number 955.024
Author mark and year BAT 1953-1954
100 1# - MAIN ENTRY--PERSONAL NAME
Personal name Bayhaqī, Abū al-Faz̤l Muḥammad ibn Ḥusayn,
Dates associated with a name approximately 996-1077.
9 (RLIN) 11932
245 10 - TITLE STATEMENT
Title تاریخ مسعودی : معروف به تاریخ بیهقی / Tārīkh-i Masʿūdī : maʿrūf bih tārīkh-i Bayhaqī /
Statement of responsibility, etc. az Abū al-Faz̤l Muḥammad ibn Ḥusayn Kātib Bayhaqī ; bā muqābalah va taṣḥīḥ va havashī va taʻlīqat-i Saʻīd Nafisi ابو الفضل محمد بن حسين كاتب بيهقي ؛ يا مقابله وتصيح وحواشي وتعليقات سعيد نفيسي
260 ## - PUBLICATION, DISTRIBUTION, ETC. (IMPRINT)
Place of publication, distribution, etc. [Tehran] : تهران,
Name of publisher, distributor, etc. Intishārāt-i Kitābkhānah-ʼi Sanāʼī,انتشارات دانشگاه تهران, تهران,
Date of publication, distribution, etc. 1953-1954
300 ## - PHYSICAL DESCRIPTION
Pagination 3 v. (8, 1596 p.) :
Illustrations ill. ;
Size 25 cm.
490 ## - SERIES STATEMENT
Series statement Intishārāt-i Dānishgāh-i Tihrān
Volume/sequential designation 172
500 ## - GENERAL NOTE
General note In Persian.
504 ## - BIBLIOGRAPHY, ETC. NOTE
Bibliography, etc Includes bibliographical references.
505 ## - FORMATTED CONTENTS NOTE
Formatted contents note Vol. 3.--
650 #0 - SUBJECT ADDED ENTRY--TOPICAL TERM
Topical term or geographic name as entry element Ghaznevids.
9 (RLIN) 11933
651 #0 - SUBJECT ADDED ENTRY--GEOGRAPHIC NAME
Geographic name Iran
General subdivision History
Chronological subdivision 640-1256.
9 (RLIN) 10110
Geographic name Afghanistan
General subdivision History.
9 (RLIN) 11934
700 1# - ADDED ENTRY--PERSONAL NAME
Personal name Nafīsī, Saʻid,
Dates associated with a name 1895-1966.
830 ## - SERIES ADDED ENTRY--UNIFORM TITLE
Uniform title Intishārāt-i Dānishgāh-i Tihrān
Volume number/sequential designation 172
942 ## - ADDED ENTRY ELEMENTS (KOHA)
Source of classification or shelving scheme Dewey Decimal Classification
Koha item type Books
Holdings
Lost status Source of classification or shelving scheme Damaged status Not for loan Collection code Permanent Location Current Location Shelving location Date acquired Cost, normal purchase price Full call number Date last seen Copy number Koha item type
  Dewey Decimal Classification   Not For Loan Non-fiction Central Library, University of Rajshahi Central Library, University of Rajshahi Reading Room 27/02/2024 140.00 F 955.024 BAT V-3 1953-1954 27/02/2024 C-1 Books